<?xml version="1.0" encoding="UTF-8"?>
<marc:record xmlns:marc="http://www.loc.gov/MARC21/slim">
   <marc:leader>00000nam a2200000 a 4500</marc:leader>
   <marc:datafield ind1="1" ind2=" " tag="100">
      <marc:subfield code="a">Schmölling, Johannes</marc:subfield>
      <marc:subfield code="4">aut</marc:subfield>
      <marc:subfield code="e">Verfasser/-in</marc:subfield>
   </marc:datafield>
   <marc:datafield ind1="1" ind2=" " tag="100">
      <marc:subfield code="a">Donnelly, Elfie</marc:subfield>
      <marc:subfield code="4">aut</marc:subfield>
      <marc:subfield code="e">Verfasser/-in</marc:subfield>
   </marc:datafield>
   <marc:datafield ind1="1" ind2=" " tag="100">
      <marc:subfield code="a">Balle, Julie</marc:subfield>
   </marc:datafield>
   <marc:datafield ind1="0" ind2="0" tag="245">
      <marc:subfield code="a">Benjamin Blümchen - Staffel 1 - Folge 6: Benjamin Blümchen als Gespenst</marc:subfield>
   </marc:datafield>
   <marc:datafield ind1="0" ind2="0" tag="245">
      <marc:subfield code="c">Regie: Gerhard Hahn; Montage: Julie Balle; Kamera: John Byrne; Musik: Johannes Schmölling; Drehbuch: Elfie Donnelly; Produktion: Jutta Buschenhagen</marc:subfield>
   </marc:datafield>
   <marc:datafield ind1=" " ind2="1" tag="264">
      <marc:subfield code="a">Potsdam</marc:subfield>
      <marc:subfield code="b">filmwerte GmbH</marc:subfield>
      <marc:subfield code="c">2022</marc:subfield>
   </marc:datafield>
   <marc:datafield ind1="1" ind2=" " tag="520">
      <marc:subfield code="a">Mit Kasimir, dem Gespenst von Burg Eintracht, stimmt plötzlich etwas nicht. Es kann nicht mehr schweben und durch Mauern gehen. In seiner Not möchte Kasimir nach Schottland reisen und seinen Onkel um Rat fragen. Damit das Schloss nicht &#x84;gespensterfrei&#x93; ist, bietet Benjamin seine Hilfe als &#x84;Aushilfsgespenst&#x93; an. Doch die Erben der Burg, Heiner und Reiner Keiner, legen keinen Wert auf Gespenster und werfen Benjamin kurzerhand hinaus. Otto eilt dem Elefanten zu Hilfe, und gemeinsam versuchen sie, die Brüder zu vertreiben. Kasimirs Gespensterlaken leistet ihnen dabei wertvolle Hilfe. Es verwandelt Benjamin in einen echten Gruselfant. Doch erst als Kasimir geheilt zurückkehrt, können die Brüder endgültig in die Flucht geschlagen werden.</marc:subfield>
   </marc:datafield>
   <marc:datafield ind1=" " ind2=" " tag="041">
      <marc:subfield code="a">ger</marc:subfield>
   </marc:datafield>
   <marc:datafield ind1=" " ind2=" " tag="300">
      <marc:subfield code="a">1 Online-Ressource (26 min), Bild: 4:3 SD</marc:subfield>
   </marc:datafield>
</marc:record>
